00686nam a2200169Ia 4500008004100000041000800041050002600049245016300075246005100238260002900289300003300318500008600351650003700437700001400474700001400488700001400502200826s9999||||xx |||||||||||||| ||und|| achi aBV3785.C2 b.H72 1997 0a薪火續傳:b = A follow up to the history of the Campus Evangelical Fellowship : 校園團契四十年1957-1997 /c黃從真, 朱惠慈, 張蓮娣等編輯 a薪火续传:b校园团契四十年1957-1997/ a台北: b校園,c1997 a228 p. :bill, pho.;c21 cm. aTranslation of: A follow up to the history of the Campus Evangelical Fellowship.  aCampus Evangelical Fellowship. a張蓮娣 a朱惠慈 a黃從真